Economic analysis of industrial projects (Record no. 30651)

MARC details
000 -LEADER
fixed length control field 00290nam a2200109Ia 4500
082 ## - DEWEY DECIMAL CLASSIFICATION NUMBER
Classification number 658.1
Item number BUS
100 ## - MAIN ENTRY--AUTHOR NAME
Personal name Bussey, Lynn E
245 #0 - TITLE STATEMENT
Title Economic analysis of industrial projects
260 ## - PUBLICATION, DISTRIBUTION, ETC. (IMPRINT)
Place of publication New Jersey
Name of publisher Prentice Hall
Year of publication 1978
942 ## - ADDED ENTRY ELEMENTS (KOHA)
Koha item type Books
Holdings
Withdrawn status Lost status Damaged status Not for loan Home library Current library Date acquired Cost, normal purchase price Full call number Accession Number Koha item type
        RRII Library RRII Library 16/12/2021 21.95 658.1 BUS 11222 Books